Pautas para la distribución de áreas de trabajo en planteles de construcción

Presenta alguna forma de reducir errores que se cometen por falta de una visión adecuada de la relación que guardan entre si los diferentes elementos que intervienen dentro de un proceso de construcción.

Bibliographic Details
Main Author: Cajino Obregón, Arturo
Other Authors: Tutor: Valle Dávila, Fernando
Format: Tesis Section = Libro
Language:Undetermined
Spanish
Published: Managua Universidad Nacional Autónoma de Nicaragua (UNAN) 1983
Subjects:
LEADER 00997nam a2200229Ia 4500
008 240830s9999 xx 000 0 und d
040 |a BIBLIOTECA-RUSB/ Mon 658.5 C139 
041 |a spa 
082 |a Mon 658.5 C139 
100 1 |a Cajino Obregón, Arturo 
245 1 0 |a Pautas para la distribución de áreas de trabajo en planteles de construcción 
260 |a Managua  |b Universidad Nacional Autónoma de Nicaragua (UNAN)  |c 1983 
300 |a 63 p. :il. 
502 |a Tesis (Ingeniero Civil) - Universidad Nacional Autónoma de Nicaragua (UNAN), 1983. 
520 3 |a Presenta alguna forma de reducir errores que se cometen por falta de una visión adecuada de la relación que guardan entre si los diferentes elementos que intervienen dentro de un proceso de construcción. 
650 7 |a ADMINISTRACION DE LA PRODUCCION 
650 7 |b  FUNCIONES DE DISTRIBUCION 
650 7 |c  INGENIERIA CIVIL 
700 1 |a Tutor:  |b Valle Dávila, Fernando 
942 |c BK  |2 ddc 
991 |a TESIS 
999 |c 20604